|
|
|
|
| LEADER |
00000ntm a22000007u 4500 |
| 001 |
zp15252 |
| 041 |
|
|
|a cze
|
| 100 |
1 |
|
|a Foltýnková, Irena
|4 dis
|
| 245 |
1 |
0 |
|a Projekt e-podpory rodičům dětí s autismem ve Zlínském kraji
|
| 246 |
|
|
|a The Project of E-supports to autistic Children Parents in the Zlin Region
|
| 260 |
|
|
|c 2010
|
| 300 |
|
|
|a 89 s., 5 s. příloh
|
| 500 |
|
|
|a Studijní obor: Management a marketing
|
| 500 |
|
|
|a Studijní obor: Management and Marketing
|
| 500 |
|
|
|a Ústav: Ústav managementu a marketingu
|
| 500 |
|
|
|a Univerzita Tomáše Bati ve Zlíně. Fakulta managementu a ekonomiky
|
| 500 |
|
|
|a Tomas Bata University in Zlín. Faculty of Management and Economics
|
| 506 |
|
|
|a Bez omezení
|
| 653 |
|
|
|a Autismus
|
| 653 |
|
|
|a Informace
|
| 653 |
|
|
|a Internet
|
| 653 |
|
|
|a Nezisková organizace
|
| 653 |
|
|
|a Občanské sdružení
|
| 653 |
|
|
|a Open Source Software
|
| 653 |
|
|
|a sociální sítě
|
| 653 |
|
|
|a virální marketing
|
| 653 |
|
|
|a World Wide Web
|
| 653 |
|
|
|a Autism
|
| 653 |
|
|
|a Information
|
| 653 |
|
|
|a Internet
|
| 653 |
|
|
|a Non-profit Organization
|
| 653 |
|
|
|a Civic Association
|
| 653 |
|
|
|a Open Source Software
|
| 653 |
|
|
|a Social Networks
|
| 653 |
|
|
|a Viral Marketing
|
| 653 |
|
|
|a World Wide Web
|
| 655 |
|
4 |
|a diplomová práce
|
| 700 |
1 |
|
|a Mikeska, Martin
|4 ths
|
| 710 |
2 |
|
|a Univerzita Tomáše Bati ve Zlíně. Fakulta managementu a ekonomiky
|4 dgg
|
| 710 |
2 |
|
|a Tomas Bata University in Zlín. Faculty of Management and Economics
|4 dgg
|
| 856 |
4 |
0 |
|u http://hdl.handle.net/10563/12849
|y Plný text v Digitální knihovně UTB
|